Statistics for Top 20 Biggest Countries That Aren't Populated (with a map)

Click here to take the quiz!

General Stats

  • This quiz has been taken 1,230 times
  • The average score is 18 of 20

Answers on the Map

Answers color-coded by a green-red scale on the quiz's map according to % correct below.
 

Answer Stats

Area (km2)Country% Correct
7,692,024Australia
97%
9,984,670Canada
97%
1,564,110Mongolia
95%
2,381,741Algeria
94%
2,724,900Kazakhstan
94%
1,759,540Libya
94%
2,780,400Argentina
92%
1,886,068Sudan
92%
1,284,000Chad
91%
1,240,192Mali
91%
1,285,216Peru
90%
1,267,000Niger
89%
2,149,690Saudi Arabia
89%
1,098,581Bolivia
87%
1,246,700Angola
86%
1,030,700Mauritania
85%
825,615Namibia
85%
916,445Venezuela
77%
756,102Chile
73%
801,590Mozambique
67%

Score Distribution

Percentile by Number Answered

Percent of People with Each Score

Your Score History

You have not taken this quiz